000 00744nam a22001937a 4500
999 _c13518
_d13518
003 AR-CdUCM
008 190415b ||||| |||| 00| 0 spa d
040 _aMUNICIPALIDAD PROVINCIAL DEL CUSCO
_cBIBLIOTECA MUNICIPAL DEL CUSCO
082 _a955.61 /
_bA36 / 1961
100 _aAlencastre Gutiérrez, Andrés
_916462
245 _aKunturkanki :
_bUn pueblo del ande /
260 _aCusco :
_bGarcilaso,
_c1961.
300 _a114 paginas ;
_bIlustraciones, pentagramas,
_c23 cm.
505 _aContenido :Reseña histórica de los tampus o descansos del kuntisuyo --Inauguración del mercado sabatino --Proyecto de distritalizacion ...
650 _aHistoria
_9136
650 _aCanas
_918100
942 _2ddc
_cLIBROS
945 _arjall
_d2019-04-15